Score 0/15 Timer 01:00
6 Plays Today
% Correct
Spongebob Squarepants
95.4%
Winnie the Pooh
95.2%
Pikachu
94.9%
Homer Simpson
94.8%
Dora the Explorer
94.7%
Bugs Bunny
94.5%
Fred Flintstone
94.2%
Eric Cartman
94.1%
% Correct
Peter Griffin
93.8%
Mickey Mouse
93.3%
Donald Duck
92.6%
Leonardo
92.6%
Jerry
91.6%
Sylvester
91.1%
Wile E Coyote
90.9%
Remove Ads.
Support Sporcle.
Get the best of Sporcle when you Go Orange. This ad-free experience offers more features, more stats, and more fun while also helping to support Sporcle. Thank you for becoming a member.

You're not logged in!

Compare scores with friends on all Sporcle quizzes.
OR
Log In

Sporcle TV

Today on Sporcle TV


Watch our educational content, quiz creation guides, and fun videos on Sporcle TV.

Show Comments

Extras

Top Quizzes Today


Score Distribution

Paid Content

Your Account Isn't Verified!

In order to create a playlist on Sporcle, you need to verify the email address you used during registration. Go to your Sporcle Settings to finish the process.

Report this User

Report this user for behavior that violates our Community Guidelines.

Details: